| 000 | 00553nam a2200193 a 4500 | ||
|---|---|---|---|
| 001 | 2152 | ||
| 003 | CDMR | ||
| 005 | 20130610100204.0 | ||
| 008 | 130130s1975||||||||||||||||||||||||||||d | ||
| 020 | _a8429711554 | ||
| 040 |
_aCDMR _bcat _cCPC GIRONA |
||
| 100 | 1 |
_9417 _aGuillamet, Jaume |
|
| 245 | 1 | 3 |
_aLa nova premsa catalana _cJaume Guillamet |
| 260 |
_c1975 _bEdicions 62 _aBarcelona |
||
| 490 | 0 |
_aLlibres a l'abast _v126 |
|
| 650 | 0 | 4 |
_93717 _aPremsa comarcal _zCatalunya |
| 650 | 0 | 4 |
_91448 _aMitjans de comunicació de massa _zCatalunya |
| 942 |
_cMON _2udc |
||
| 999 |
_c2152 _d2152 |
||